000 03252nam a2200205Ia 4500
003 Ost
005 20260416102401.0
008 260416s9999||||xx |||||||||||||| ||und||
040 _cfsecg
041 _aara
082 _a339.3
100 _aلجدل، خالد
_eمؤلف
245 0 _aالمحاسبة الوطنية /
_c خالد لجدل
260 _aالجزائر
_bجامعة الجزائر3: كلية العلوم الإقتصادية، العلوم التجارية وعلوم التسيير
_c2023
300 _a134 ورقة
_bايضاحات
_c12 سم
504 _aالمراجع ص.129 الملاحق ص.134
520 _aالمطبوعة تتناول بشكل شامل موضوع المحاسبة الوطنية. وتغطي جوانب نظرية وتطبيقية لهذا المجال الحيوي. تبدأ المطبوعة بتقديم مقدمة عامة لمفهوم المحاسبة الوطنية، ثم تستعرض الأنظمة الدولية المتبعة في هذا المجال، لتنتهي بتطبيق هذه المفاهيم على الواقع الاقتصادي الجزائري. المحاور الرئيسية التي تناولتها المطبوعة هي:مدخل عام للمحاسبة الوطنية: يقدم هذا المحور الأسس النظرية للمحاسبة الوطنية، ويشمل التعريفات والمفاهيم الأساسية، بالإضافة إلى استعراض الإطار العام لنظام الحسابات الاقتصادية الجزائري.عمليات الإنتاج ومجمعاتها الأساسية: يتعمق هذا المحور في تحليل عمليات الإنتاج المختلفة، وكيفية حسابها وتصنيفها.عمليات توزيع المداخيل وحسابات القطاعات: يشرح هذا المحور كيفية توزيع الدخل القومي بين مختلف القطاعات الاقتصادية، وكيفية حساب أرصدة هذه القطاعات. مجمعات المداخيل: يركز هذا المحور على حساب مختلف أنواع الدخل، مثل الدخل الداخلي والدخل الوطني والدخل المتاح، بالإضافة إلى حساب التراكم الخام للوطن.الجدول الاقتصادي الكلي: يقدم هذا المحور شرحًا وافيًا للجدول الاقتصادي الكلي، وكيفية استخدامه في تحليل الاقتصاد الكلي.جدول المدخلات والمخرجات: يشرح هذا المحور جدول المدخلات والمخرجات، وهو أداة تحليلية مهمة في الاقتصاد القومي.بشكل عام، يمكن القول أن هذه المطبوعة تعد مرجعًا قيمًا لطلبة الاقتصاد والباحثين المهتمين بالمحاسبة الوطنية. فهي تغطي جوانب نظرية وتطبيقية واسعة، وتقدم تحليلاً عميقًا للمفاهيم والأساليب المستخدمة في هذا المجال.
710 _aجامعة الجزائر3: كلية العلوم الإقتصادية، العلوم التجارية وعلوم التسيير
_eناشر علمي
942 _cHANDOUT
999 _c41444
_d41444